[Event "Hunan Belt and Road Open 2019"]
[Site "Hunan"]
[Date "2019.07.31"]
[Round "3.32"]
[White "Gan-Erdene, Sugar"]
[Black "Taher, Yoseph Theolifus"]
[Result "1/2-1/2"]
[WhiteElo "2408"]
[BlackElo "2460"]
[Annotator "TA"]
[PlyCount "66"]
[EventDate "2019.07.29"]
[EventType "swiss"]
[EventCountry "CHN"]
[SourceTitle "playchess.com"]
[Source "ChessBase"]
[SourceQuality "1"]

{[%evp 19,66,29,29,36,48,21,77,53,95,85,101,104,113,104,206,222,208,-12,-11,-8,-3,-40,-39,-43,-42,-35,-30,-34,-31,-29,-20,-43,-37,-45,-8,0,0,-6,0,0,0,-1,-4,-6,0,0,0,0,0]} 1. e4 Nf6 2. e5 Nd5 3. d4 d6 4. c4 Nb6 5. exd6 cxd6 6. Nc3 g6 7. h3 Bg7 8. Nf3 O-O 9. Be2 Nc6 10. O-O e5 {[%cal Rc6d4]} 11. Bg5 {B04: Alekhine's Defence: 4 Nf3} f6 12. Be3 Kh8 (12... f5 $11 {remains equal.}) (12... f5 13. Bg5 Bf6 14. Bxf6 Qxf6 15. dxe5 Nxe5 16. Nxe5 dxe5 17. c5 Nd7 18. Nd5 Qd8 {1-0 (52) Cuenca Jimenez,J (2526)-Ibanez Aullana,J (2316) Linares 2015}) 13. c5 {White is better.} exd4 $146 ({Predecessor:} 13... dxc5 14. dxe5 Nd4 15. Nxd4 cxd4 16. Bxd4 fxe5 17. Bc5 Qg5 18. Ne4 Qh4 19. Bxf8 Bxf8 {1-0 (27) Caposciutti,M (2316)-Cirabisi,F (2119) Genova 2000}) 14. Nxd4 ({Inferior is} 14. cxb6 dxe3 15. bxa7 Bh6 $17) 14... Nxd4 15. Bxd4 dxc5 16. Bxc5 Re8 (16... Rg8 $16) 17. Bb5 $18 Nd7 {[#]} 18. Nd5 $2 ({White has to play} 18. Bd6 $1 $18) 18... Nxc5 $11 19. Bxe8 {Threatens to win with Rc1.} Be6 $36 {[%mdl 2048] Black has the initiative.} ({Avoid the trap} 19... Qxe8 $2 20. Nc7 $18) 20. Rc1 Bf8 $1 21. Nf4 {Hoping for Bxg6!} Qxd1 22. Rcxd1 Rxe8 23. Rfe1 $1 a5 {[#]} 24. Rd5 $1 {[%mdl 512]} Kg8 (24... Bxd5 25. Rxe8) 25. Nxe6 Nxe6 26. Rb5 $1 Nd4 27. Rxe8 {The position is equal.} Nxb5 28. Ra8 Nd6 29. Rxa5 Kf7 30. Kf1 Ke6 31. Ke2 f5 32. Kd3 Bg7 33. b4 h5 {Accuracy: White = 76%, Black = 48%.} 1/2-1/2

[Event "Hunan Belt and Road Open 2019"]
[Site "Hunan"]
[Date "2019.07.31"]
[Round "3.33"]
[White "Zhu, Jiner"]
[Black "Chen, Qi b"]
[Result "1/2-1/2"]
[WhiteElo "2454"]
[BlackElo "2414"]
[Annotator "ChessBase"]
[PlyCount "95"]
[EventDate "2019.07.29"]
[EventType "swiss"]
[EventCountry "CHN"]
[SourceTitle "playchess.com"]
[Source "ChessBase"]
[SourceQuality "1"]
[TimeControl "5400+30"]

1. e4 {[%emt 0:00:00]} e5 {[%emt 0:00:00]} 2. Nf3 {[%emt 0:00:00]} Nc6 {[%emt 0:00:00]} 3. Bc4 {[%emt 0:00:02]} Bc5 {[%emt 0:00:00]} 4. O-O {[%emt 0:00:09]} Nf6 {[%emt 0:00:08]} 5. d3 {[%emt 0:00:20]} d6 {[%emt 0:00:15]} 6. c3 {[%emt 0:00:47]} O-O {[%emt 0:00:59]} 7. Bb3 {[%emt 0:00:38]} a5 {[%emt 0:00:42]} 8. Nbd2 {[%emt 0:00:48]} h6 {[%emt 0:00:27]} 9. h3 {[%emt 0:00:24]} Be6 {[%emt 0:01:15]} 10. Bc2 {[%emt 0:03:33]} Re8 {[%emt 0:12:58]} 11. Re1 {[%emt 0:00:45]} Qb8 {[%emt 0:13:05]} 12. Nh4 {[%emt 0:11:41]} Qd8 {[%emt 0:12:14]} 13. Nhf3 {[%emt 0:11:21]} Qb8 {[%emt 0:00:47]} 14. Nf1 {[%emt 0:13:08]} Qa7 {[%emt 0:00:31]} 15. Qe2 {[%emt 0:00:13]} Rad8 {[%emt 0:16:20]} 16. Ng3 {[%emt 0:05:18]} d5 {[%emt 0:04:09]} 17. Nh4 {[%emt 0:05:19]} dxe4 18. dxe4 {[%emt 0:00:05]} Kh7 {[%emt 0:04:13]} 19. Nhf5 {[%emt 0:03:29]} Ne7 {[%emt 0:06:39]} 20. Qf3 {[%emt 0:02:53]} Neg8 {[%emt 0:01:10]} 21. b3 {[%emt 0:04:17]} Rd7 {[%emt 0:00:53]} 22. Nf1 {[%emt 0:02:51]} Red8 {[%emt 0:03:51]} 23. g4 {[%emt 0:01:31]} Ne8 {[%emt 0:02:35]} 24. g5 {[%emt 0:03:01]} g6 {[%emt 0:02:06]} 25. Nxh6 {[%emt 0:03:23]} Nxh6 {[%emt 0:00:38]} 26. gxh6 {[%emt 0:00:06]} Bf8 {[%emt 0:06:41]} 27. Be3 {[%emt 0:01:40]} Bc5 {[%emt 0:00:35]} 28. Bc1 {[%emt 0:14:43]} Bf8 {[%emt 0:00:08]} 29. Qg3 {[%emt 0:00:04]} Qc5 {[%emt 0:01:53]} 30. Nh2 {[%emt 0:00:50]} Nf6 {[%emt 0:04:20]} 31. Nf3 {[%emt 0:01:07]} Bxh6 {[%emt 0:01:12]} 32. Nxe5 {[%emt 0:03:35]} Re7 {[%emt 0:01:02]} 33. Bxh6 {[%emt 0:02:05]} Kxh6 {[%emt 0:00:03]} 34. Rad1 {[%emt 0:04:24]} Rxd1 {[%emt 0:01:37]} 35. Rxd1 {[%emt 0:00:27]} Nh5 {[%emt 0:00:42]} 36. Qh4 {[%emt 0:01:05]} g5 {[%emt 0:00:52]} 37. Ng4+ {[%emt 0:00:05]} Bxg4 {[%emt 0:00:02]} 38. Qxg4 {[%emt 0:00:05]} Qxc3 {[%emt 0:00:26]} 39. h4 {[%emt 0:00:22]} gxh4 {[%emt 0:01:54]} 40. Rd8 {[%emt 0:01:51]} Qg7 {[%emt 0:01:23]} 41. Rg8 {[%emt 0:01:15]} Qxg4+ {[%emt 0:00:29]} 42. Rxg4 {[%emt 0:00:04]} Re6 {[%emt 0:00:38]} 43. Rxh4 {[%emt 0:00:21]} Kg5 {[%emt 0:00:10]} 44. Rh3 {[%emt 0:00:34]} Nf4 {[%emt 0:00:35]} 45. Rg3+ {[%emt 0:00:33]} Kf6 {[%emt 0:00:37]} 46. Kf1 {[%emt 0:00:11]} Rc6 {[%emt 0:00:24]} 47. Bd1 {[%emt 0:00:05]} Rc1 {[%emt 0:00:37]} 48. Ke1 {[%emt 0:00:04]} 1/2-1/2

[Event "Hunan Belt and Road Open 2019"]
[Site "Hunan"]
[Date "2019.07.31"]
[Round "3.34"]
[White "Xiang, Zeyu"]
[Black "Lin, Weiguo"]
[Result "1/2-1/2"]
[WhiteElo "2447"]
[BlackElo "2408"]
[Annotator "NA"]
[PlyCount "41"]
[EventDate "2019.07.29"]
[EventType "swiss"]
[EventCountry "CHN"]
[SourceTitle "playchess.com"]
[Source "ChessBase"]
[SourceQuality "1"]
[TimeControl "5400+30"]

1. d4 {[%emt 0:00:00]} d5 {[%emt 0:06:12]} 2. c4 {[%emt 0:00:00]} c6 {[%emt 0:00:30]} 3. cxd5 {[%emt 0:00:29]} cxd5 {[%emt 0:00:30]} 4. Bf4 {[%emt 0:00:30]} Nc6 {[%emt 0:00:30]} 5. e3 {[%emt 0:00:30]} Nf6 {[%emt 0:00:30]} 6. Nc3 {[%emt 0:00:30]} e6 {[%emt 0:00:30]} 7. Bd3 {[%emt 0:00:30]} Bd6 {[%emt 0:00:30]} 8. Nf3 {[%emt 0:00:30]} Bxf4 {[%emt 0:00:30]} 9. exf4 {[%emt 0:00:30]} O-O {[%emt 0:00:30]} 10. O-O {[%emt 0:00:30]} Qb6 {[%emt 0:00:30]} 11. Na4 {[%emt 0:00:30]} Qc7 {[%emt 0:00:30]} 12. Ne5 {[%emt 0:00:30]} Nxd4 {[%emt 0:00:30]} 13. Bxh7+ {[%emt 0:00:30]} Nxh7 {[%emt 0:00:30]} 14. Qxd4 {[%emt 0:00:30]} f6 {[%emt 0:00:30]} 15. Nd3 {[%emt 0:00:30]} Rd8 {[%emt 0:00:30]} 16. Rac1 {[%emt 0:00:30]} Qd6 {[%emt 0:00:30]} 17. Nc3 {[%emt 0:00:30]} Nf8 {[%emt 0:00:30]} 18. Rfd1 {[%emt 0:00:30]} Bd7 {[%emt 0:00:30]} 19. f5 {[%emt 0:00:30]} Bc6 {[%emt 0:00:30]} 20. fxe6 {[%emt 0:00:30]} Nxe6 {[%emt 0:00:30]} 21. Qg4 {[%emt 0:00:30]} 1/2-1/2

[Event "Hunan Belt and Road Open 2019"]
[Site "Hunan"]
[Date "2019.07.31"]
[Round "3.35"]
[White "Xu, Minghui"]
[Black "Li, Shilong"]
[Result "1-0"]
[WhiteElo "2401"]
[BlackElo "2457"]
[Annotator "TA"]
[PlyCount "61"]
[EventDate "2019.07.29"]
[EventType "swiss"]
[EventCountry "CHN"]
[SourceTitle "playchess.com"]
[Source "ChessBase"]
[SourceQuality "1"]

{[%evp 22,61,27,31,43,48,47,41,35,26,39,28,43,49,62,53,89,27,26,18,99,100,133,140,160,158,141,155,117,61,52,117,198,208,535,491,852,849,836,842,937,929]} 1. d4 Nf6 2. c4 c5 3. d5 g6 4. Nc3 Bg7 5. e4 d6 6. Nf3 O-O 7. Bd3 e6 8. O-O exd5 9. exd5 Bg4 10. h3 Bxf3 11. Qxf3 Nbd7 12. Qd1 Ne5 {E90: King's Indian: Classical: Early deviations and 6 h3} (12... Nh5 13. Bd2 f5 14. f4 Qh4 15. Be1 Qd8 16. Kh2 a6 17. Bd2 Bd4 18. Qf3 Ng7 19. Rab1 Bf6 20. g4 fxg4 21. Qxg4 {1-0 (38) Van Foreest,L (2515)-Indjic,A (2620) Skopje 2019}) 13. Be2 Ne8 14. f4 Nd7 {White is slightly better.} 15. Qd3 $146 ({Predecessor:} 15. g4 f5 16. g5 h6 {½-½ (16) Sergeev,V (2440)-Brodsky,M (2515) Pardubice 1993}) 15... f5 16. Bd2 Nc7 17. Rae1 Qf6 18. b3 a6 19. Bf3 (19. Kh2 $16) 19... b5 20. Ne2 b4 (20... a5 $11 {remains equal.}) 21. g4 $16 Rae8 22. Ng3 fxg4 23. hxg4 Rxe1 24. Rxe1 Qb2 25. g5 ({White should try} 25. Re7 $16 Rf7 26. Rxf7 Kxf7 27. Ne4) 25... Bd4+ 26. Kh1 Bf2 {[#]} (26... Bc3 $16 27. Ne4 Bxd2 28. Qxd2 Qxd2 29. Nxd2 Rxf4) 27. Rb1 $1 $18 {[%cal Rb1b2]} Ne5 $2 (27... Qxa2 {is more resistant.} 28. Ne2 (28. Ne4 Bd4 $16) 28... Bd4) 28. fxe5 {White is clearly winning.} ({Not} 28. Rxb2 Nxd3 29. Ne4 Bd4 $11) 28... Rxf3 (28... Qxe5 $142 29. Ne4 Bd4 30. Nf6+ Kh8) 29. Rxb2 Rxd3 30. Ne4 Bd4 31. exd6 {Accuracy: White = 63%, Black = 28%.} 1-0

[Event "Hunan Belt and Road Open 2019"]
[Site "Hunan"]
[Date "2019.07.31"]
[Round "3.36"]
[White "Munkhgal, Gombosuren"]
[Black "Liu, Guanchu"]
[Result "1/2-1/2"]
[WhiteElo "2442"]
[BlackElo "2449"]
[Annotator "NA"]
[PlyCount "50"]
[EventDate "2019.07.29"]
[EventType "swiss"]
[EventCountry "CHN"]
[SourceTitle "playchess.com"]
[Source "ChessBase"]
[SourceQuality "1"]
[TimeControl "5400+30"]

1. d4 {[%emt 0:00:00]} e6 {[%emt 0:02:36]} 2. c4 {[%emt 0:00:00]} Nf6 {[%emt 0:00:30]} 3. Nc3 {[%emt 0:00:01]} Bb4 {[%emt 0:00:31]} 4. Qc2 {[%emt 0:00:13]} O-O {[%emt 0:00:29]} 5. e4 {[%emt 0:00:06]} d5 {[%emt 0:01:37]} 6. e5 {[%emt 0:00:08]} Ne4 {[%emt 0:00:55]} 7. Bd3 {[%emt 0:00:46]} c5 {[%emt 0:00:12]} 8. Nf3 {[%emt 0:00:05]} cxd4 {[%emt 0:00:56]} 9. Nxd4 {[%emt 0:00:06]} Nd7 {[%emt 0:00:57]} 10. Bf4 {[%emt 0:02:20]} Qh4 {[%emt 0:01:05]} 11. g3 {[%emt 0:00:07]} Qh5 {[%emt 0:00:06]} 12. h4 {[%emt 0:01:01]} Nxe5 {[%emt 0:19:55]} 13. Be2 {[%emt 0:01:27]} Ng4 {[%emt 0:00:28]} 14. Bxg4 {[%emt 0:06:03]} Qxg4 {[%emt 0:00:10]} 15. f3 {[%emt 0:00:11]} Qh5 {[%emt 0:08:52]} 16. g4 {[%emt 0:00:42]} Qg6 {[%emt 0:00:08]} 17. fxe4 {[%emt 0:00:12]} e5 {[%emt 0:00:04]} 18. Bxe5 {[%emt 0:21:42]} Bxg4 {[%emt 0:16:28]} 19. exd5 {[%emt 0:34:22]} Rae8 {[%emt 0:11:21]} 20. Qxg6 {[%emt 0:00:13]} Rxe5+ {[%emt 0:00:06]} 21. Kd2 {[%emt 0:00:19]} fxg6 {[%emt 0:00:25]} 22. Raf1 {[%emt 0:01:37]} Rc8 {[%emt 0:00:08]} 23. Rf4 {[%emt 0:05:38]} h5 {[%emt 0:01:23]} 24. Kd3 {[%emt 0:02:29]} Bxc3 {[%emt 0:08:41]} 25. bxc3 {[%emt 0:00:47]} g5 {[%emt 0:00:07]} 1/2-1/2